| 000 | 00786nam a22002777a 4500 | ||
|---|---|---|---|
| 001 | BR9600285 | ||
| 003 | BR-BrBNA | ||
| 005 | 20230928094918.0 | ||
| 007 | ta | ||
| 008 | 230509b bl.||||| |||| 00| 0 por d | ||
| 040 |
_aBR-BrBNA _bpor _cBiblioteca Nacional de Agricultura |
||
| 041 | _a(Por) | ||
| 072 | _aF01 | ||
| 090 | _ F01 BR9600285 | ||
| 100 | 1 | _aCarvalho, S.P. de | |
| 100 | 1 | _aRamalho Sobrinho, R. | |
| 110 | 1 | _aEmpresa de Assistencia Tecnica e Extensao Rural do Estado de Minas Gerais, Belo Horizonte (Brasil) | |
| 245 | 1 | _aPomar domestico | |
| 260 | 3 |
_aBelo Horizonte, MG (Brasil): _c1983. |
|
| 300 | _a36 p. | ||
| 500 | _a7 ref.; 15 illus.; 5 tables | ||
| 650 | _aPomar | ||
| 650 | _aPratica Cultural | ||
| 909 |
_a202309 _bLucia _c55 _dLucia Elande |
||
| 942 | _cBK | ||
| 999 |
_c53386 _d53386 |
||